Čas, priestor a umenie

Bibliographic Details
Main Author: Šimunek, Eugen, 1924-2000 (Author)
Format: Article
Language:Slovak
PhysicalDescription:Res. rus., nem., angl.
Subjects:

MARC

LEADER 00000nab a2200000 a 4500
001 vtls000027324
003 SK-MaSNL
005 20260304060812.0
008 250422c1979 xo 0 slo
015 |a SNBRB19rr/mm-uuuuu 
035 |a CL0037418 
035 |a urn:nbn:sk:snk-abrg 
035 |a (urnnbn)urn:nbn:sk:snk:ar-a03pgd 
035 |a (uuid)1704bc29-3791-4776-9621-77e709a422e0 
040 |a SNKBUCL  |b slo  |c SNKBUCL  |e AACR2 
041 0 |a slo 
044 |a xo  |c SK 
080 |a 113/129  |2 1981 
080 |a 7  |2 1981 
100 1 |a Šimunek, Eugen,  |d 1924-2000  |4 aut  |9 5097 
245 1 0 |a Čas, priestor a umenie  |c Eugen Šimunek 
300 |b Res. rus., nem., angl. 
650 0 7 |a čas  |2 snkbucl  |9 2082 
650 0 7 |a priestor  |2 snkbucl  |9 300817 
650 0 7 |a umenie  |2 snkbucl  |9 1060 
650 0 7 |a estetika  |2 snkbucl  |9 791 
655 7 |a články z novín a časopisov  |2 snkbucl  |9 267496 
773 0 |t Filozofia  |g Roč. 34, č. 1 (1979), s. 26-36 
850 |a Slovenská národná knižnica 
852 |a Slovenská národná knižnica 
954 |a odborná, vedecká literatúra pôvodná (slovenská)  |2 lita 
958 |a article27 
958 |a OND 
958 |a RK 
958 |a EUIPO 
992 |a RBX 
999 |c 2730121  |d 2732051